000 01379nam a22003977a 4500
003 CHAP
005 20220817042843.0
008 971013s1995 r 00010 d
010 _a57833
011 _a58805
035 _a62961
040 _cCHAP
090 _aTesis
100 0 0 _aBulbarela García, Pascual Horacio.
_916019
245 _aImpacto ambiental en el corredor Los Reyes - Texcoco, Estado de México
260 _aChapingo, Méx. :
_bEl autor,
_c1995
300 _a434 p.
502 _aTesis (Ing. Agr. Esp. en Sociología Rural) -- UACH. Departamento de Sociología Rural
590 _aALEPH
_b10
_c20130110
_lUCH01
_h1336
590 _aBATCH-UPD
_b10
_c20130110
_lUCH01
_h0524
590 _aBATCH-UPD
_b10
_c20130410
_lUCH01
_h0204
590 _aBATCH-UPD
_b10
_c20130914
_lUCH01
_h0754
590 _aCONVERSION
_b10
_c20130109
_lUCH01
_h1331
650 1 4 _aAgua
_xAprovechamiento
_xMexico (Edo.)
_92298
650 1 4 _aCambios climáticos.
_917792
650 1 4 _aEcología.
_935134
650 1 4 _aImpacto ambiental.
_957465
650 1 4 _aMedio ambiente
_xContaminación.
_974069
650 1 4 _aPaisaje.
_984761
650 1 4 _aRecursos naturales
_xConservación.
650 1 4 _aUrbanismo
_zMéxico (Edo.).
_9116852
901 _aBK
942 _cFOLL
949 _bBC
_cTES
_d-135078
_eTS1
_h28513
_i62961
_si
949 _bBC
_cTES
_d33724000088258
_eTS2
_fc.2
_h28514
_i62961
_si
999 _c57833
_d57833